The Visual dictionary of military uniforms
| Format: | Book |
|---|---|
| Published: |
London :
Dorling Kindersley ,
1992
|
| Subjects: |
MARC
| LEADER | 00000cam a2200000 7i4500 | ||
|---|---|---|---|
| 001 | 0000000930 | ||
| 002 | 000001037 | ||
| 005 | 20020415.0 | ||
| 020 | |a 0863188362 | ||
| 090 | 0 | 0 | |a 030 |b EYE |
| 245 | 0 | 4 | |a The Visual dictionary of military uniforms |
| 260 | |a London : |b Dorling Kindersley , |c 1992 | ||
| 300 | |a 64 p. ; |c 30 cm. | ||
| 650 | 0 | 0 | |a Uniforms, military |x Dictionaries |
| 740 | 0 | |a Military uniforms | |
| 999 | |a 029668 |b BUKU |c JUNIOR REFERENCE |e PERPUSTAKAAN KOMUNITI PETALING JAYA | ||
| 999 | |a 045476 |b BUKU |c JUNIOR REFERENCE |e PERPUSTAKAAN KOMUNITI CAW KOTA DAMANSARA | ||